000 01181nam a22002297a 4500
001 9563
003 FISKH
005 20260123141949.0
008 260123b cb ||||| |||| 00| 0 eng d
020 _a9781398535763
040 _aFISKH
_beng
_cFISKH
_dFISKH
050 _aPZ7 .R5936
082 _2
_a813.00
100 _aRoberts, Lauren
245 _aFearful:
_bA powerless story /
_cLauren Roberts
260 _aLondon :
_bSimon & Schuster,
_c2025.
300 _a276 pages :
_bcolor illustrations ;
_c25 cm
520 _aMara never intended to set foot in Ilya again. But when the king makes a life-altering decision, her interest is piqued, and Death is determined to understand Kitt Azer's mind if he is destined to join her in the Mors.Spending time with the king while observing the castle's inhabitants reminds Mara that there is more to life than just death. There is love. But even the purest of intentions spur revenge and the pursuit of power. And fate will have its way with all of them to live, to rule, to love, and most certainly, to die...
650 _aEnemies to Lovers
_vYoung Adult
_xFantasy Romance
_ySpecial Edition
942 _2ddc
_cBK
_n0
999 _c9563
_d9563